The Beatles: Albums by Cover - Statistics

General Stats
  • This quiz has been taken 348 times
  • The average score is 12 of 13
Answer Stats
Picture Hint Answer % Correct
1969 Abbey Road
96%
1965 Help!
96%
1966 Revolver
94%
1968 The Beatles | The White Album
94%
1965 Rubber Soul
93%
1970 Let It Be
92%
1967 Sgt. Pepper's Lonely Hearts Club Band
92%
1969 Yellow Submarine
91%
1964 A Hard Day's Night
84%
1967 Magical Mystery Tour
84%
1963 Please Please Me
83%
1963 With the Beatles
77%
1964 Beatles for Sale
75%
No matching quizzes found
Score Distribution
Percent of People with Each Score
Percentile by Number Answered
Your Score History
You have not taken this quiz